| 000 | 01888nam0a2200361 4500 | ||
|---|---|---|---|
| 001 | RU\NLR\bibl\5709 | ||
| 005 | 20260406044902.0 | ||
| 010 |
_a5-7805-0238-2 _bрус. _925000 |
||
| 021 |
_aRU _b98-7279 _9349 |
||
| 035 | _a(NLR Aleph) 000005563 | ||
| 090 |
_a15847 _c15847 |
||
| 100 | _a19980903d1998 |||y0rusy50 ca | ||
| 101 | 1 |
_arus _cger |
|
| 102 | _aRU | ||
| 105 | _aa ||||||||| | ||
| 200 | 1 |
_aПрактическая психология для женщин, или Как быть счастливой _eТесты _f[Пер. с нем. И. Конго _gЛит. обраб. И. Ермаковой] |
|
| 210 |
_aМ. _cАСТ-ПРЕСС _d1998 |
||
| 215 |
_a381 с. _cил. _d22 |
||
| 225 | 1 | _aПракт. психология | |
| 300 | _aПер. изд.: Psychotests: spillerisch sich selbst erkennen; Liebe und Partnerschaft, Beruf und Karriere, Stärken und Schwachen. - Niedernhausen/Ts., 1996 | ||
| 454 | 0 |
_12001#$aPsychotests: spillerisch sich selbst erkennen$aLiebe und Partnerschaft, Beruf und Karriere, Stärken und Schwachen _1210##$aNiedernhausen/Ts.$d1996 _tLiebe und Partnerschaft, Beruf und Karriere, Stärken und Schwachen |
|
| 606 | 0 |
_aБрак _jПопулярная литература _xГигиена _91191752 _3RU\NLR\auth\66163299 |
|
| 606 | 0 |
_aБрак _jПопулярные издания _xГигиена _91191752 _3RU\NLR\auth\66163299 |
|
| 606 | 0 |
_aЖенщины _jПопулярная литература _xПсихология _91180921 _3RU\NLR\auth\66475197 |
|
| 606 | 0 |
_aЖенщины _jПопулярные издания _xПсихология _91180921 _3RU\NLR\auth\66475197 |
|
| 686 | _aР702я9 | ||
| 686 | _aЮ937.31я9 | ||
| 702 | 1 |
_4010 _8rus _7ca _aЕрмакова _bИ. _cфилолог _3RU\NLR\auth\774676 _9114653 |
|
| 801 | 0 |
_aRU _bNLR _c19980903 _gPSBO |
|
| 801 | 1 |
_aRU _bNLR _c19980903 |
|
| 852 |
_aNLR _j98-5/762 |
||
| 942 | _cBOOK | ||
| 980 | _aNB | ||